Przekraczanie granic #1 - Statystyki

Ogólne statystyki
  • Ten quiz został rozwiązany 29 374 razy
  • Średni wynik to 19 z 24
Statystyki odpowiedzi
Zaczynasz w: Kierunek Państwo % Poprawnych
Stany Zjednoczone Północ Kanada
100%
Stany Zjednoczone Południe Meksyk
99%
Litwa Północ Łotwa
91%
Szwecja Zachód Norwegia
90%
Finlandia Wschód Rosja
90%
Dania Południe Niemcy
89%
Portugalia Wschód Hiszpania
87%
Mongolia Południe Chiny
84%
Argentyna Zachód Chile
83%
Mołdawia Północ Ukraina
83%
Gruzja Północ Rosja
80%
Katar Południe Arabia Saudyjska
79%
Urugwaj Zachód Argentyna
78%
Egipt Południe Sudan
78%
Egipt Zachód Libia
76%
Lesotho Dowolny kierunek Republika Południowej Afryki
76%
Nepal Północ Chiny
75%
Laos Wschód Wietnam
72%
Dominikana Zachód Haiti
71%
Syria Północ Turcja
70%
Surinam Południe Brazylia
66%
Kostaryka Północ Nikaragua
65%
Kenia Południe Tanzania
58%
Brunei Południe Malezja
51%
Nie znaleziono quizów pasujących do podanych kryteriów
Rozkład punktacji
Procent ludzi z każdym wynikiem
Percentyl według liczby udzielonych odpowiedzi
Twoja historia wyników
Nie rozwiązałeś tego quizu